|
|
|
|
| LEADER |
01379nam a2200337 a 4500 |
| 001 |
0017839 |
| 003 |
BD-DhAAL |
| 008 |
090621s2008 nyu b 000 0 eng d |
| 010 |
|
|
|a 2007033880
|
| 020 |
|
|
|a 9781933045740
|
| 040 |
|
|
|a DNAL/DLC
|c DLC
|d BD-DhAAL
|
| 082 |
0 |
0 |
|a 712.6
|2 22
|
| 245 |
0 |
0 |
|a Edible estates :
|b attack on the front lawn /
|c with texts by Diana Balmori ... [et al.].
|
| 260 |
|
|
|a New York :
|b Metropolis Books,
|c c2008.
|
| 300 |
|
|
|a 126 p. :
|b ill. ;
|c 21 cm
|
| 500 |
|
|
|a "A project by Fritz Haeg."
|
| 504 |
|
|
|a Includes bibliographical references.
|
| 526 |
|
|
|a ARC
|x Md. Shajjad Hossain,
Faculty members of the Department of Architecture
|
| 541 |
1 |
|
|e 0017839
|a Zeenat Book Supply Limited
|
| 650 |
|
0 |
|a Edible landscaping.
|9 1003
|
| 650 |
|
0 |
|a Lawns.
|9 1004
|
| 650 |
|
0 |
|a Gardening.
|9 1005
|
| 700 |
1 |
|
|a Haeg, Fritz.
|9 1006
|
| 700 |
1 |
|
|a Balmori, Diana.
|9 1007
|
| 700 |
1 |
|
|a Creasy, Rosalind
|9 1008
|
| 700 |
1 |
|
|a Pollan, Micheal.
|9 1009
|
| 700 |
1 |
|
|a Stern, Lesely
|9 1010
|
| 852 |
4 |
|
|a Ayesha Abed Library
|c General Stacks
|
| 942 |
|
|
|2 ddc
|c BK
|0 1
|
| 999 |
|
|
|c 1514
|d 1514
|
| 952 |
|
|
|0 0
|1 0
|2 ddc
|4 0
|6 712_600000000000000_EDI
|7 0
|9 14186
|a BRACUL
|b BRACUL
|c GEN
|d 2011-01-24
|e Zeenat Book Supply Limited
|g 2018.00
|l 1
|m 11
|o 712.6 EDI
|p 3010017839
|r 2015-11-19
|s 2015-09-09
|t 1
|w 2011-01-24
|y BK
|x Requisitioned by Md. Shajjad Hossain (Faculty members of the Department of Architecture).
|